ბათუმის შოთა რუსთაველის სახელმწიფო უნივერსიტეტის ბიბლიოთეკა

საქართველოს ბუნებრივი მცენარეული რესურსები=Natural vegetation resources of Georgia (ბიბ.ჩანაწერი № 44320)

000 -LEADER
fixed length control field 00984nam a2200217Ia 4500
001 - CONTROL NUMBER
control field 11078
003 - CONTROL NUMBER IDENTIFIER
control field GE_BSU
008 - FIXED-LENGTH DATA ELEMENTS--GENERAL INFORMATION
fixed length control field 181216s||||||||xx |||||||||||||| ||und||
040 ## - CATALOGING SOURCE
Transcribing agency GE_BSU
080 ## - UNIVERSAL DECIMAL CLASSIFICATION NUMBER
Universal Decimal Classification number 581.9(479.22)+581.6(479.22)
100 ## - MAIN ENTRY--PERSONAL NAME
Personal name ქვაჩაკიძე,რევაზ=KVACHAKIDZE,REVAZ
245 ## - TITLE STATEMENT
Title საქართველოს ბუნებრივი მცენარეული რესურსები=Natural vegetation resources of Georgia
245 ## - TITLE STATEMENT
Statement of responsibility, etc. რედ.იოსებ ლაჩაშვილი
260 ## - PUBLICATION, DISTRIBUTION, ETC.
Place of publication, distribution, etc. თბილისი.
260 ## - PUBLICATION, DISTRIBUTION, ETC.
Name of publisher, distributor, etc. მეცნიერება.
260 ## - PUBLICATION, DISTRIBUTION, ETC.
Date of publication, distribution, etc. 2003.
300 ## - PHYSICAL DESCRIPTION
Extent 129გვ;20სმ.
520 ## - SUMMARY, ETC.
Summary, etc. ქართულ საძიებელთა საძიებელი გვ.117.
653 ## - INDEX TERM--UNCONTROLLED
Uncontrolled term საქართველოს ბუნებრივი მცენარეული რესურსები=Natural vegetation resources of Georgia
942 ## - ADDED ENTRY ELEMENTS (KOHA)
Koha item type წიგნი
ეგზემპლარები
Withdrawn status Lost status Damaged status Not for loan Date acquired Barcode Date last seen Price effective from Koha item type
        2018-12-17 19323 2018-12-17 2018-12-17 წიგნი